[Event "Regionalliga NO 1011"]
[Site "Bayern"]
[Date "2011.02.06"]
[Round "6.5"]
[White "Baur, Stephan"]
[Black "Saathoff, Richard"]
[Result "1/2-1/2"]
[WhiteElo "1875"]
[BlackElo "2088"]
[PlyCount "35"]
[EventDate "2010.10.10"]
[EventType "team-tourn"]
[EventRounds "9"]
[EventCountry "GER"]
[SourceTitle "EXT 2012"]
[Source "ChessBase"]
[SourceDate "2011.11.24"]
[SourceVersion "1"]
[SourceVersionDate "2011.11.24"]
[SourceQuality "1"]
[WhiteTeam "Kelheim II"]
[BlackTeam "Nuernberg Sued SW"]
[WhiteTeamCountry "GER"]
[BlackTeamCountry "GER"]

1. d4 Nf6 2. Nf3 g6 3. c4 Bg7 4. g3 0-0 5. Bg2 d6 6. 0-0 Nbd7 7. Nc3 e5 8. e4 Re8 9. Re1 exd4 10. Nxd4 Ng4 11. h3 Nge5 12. b3 Nc5 13. Be3 a5 14. Qc2 Ned3 15. Red1 Nb4 16. Qb1 Bd7 17. a3 Nba6 18. Qc2 1/2-1/2

[Event "Regionalliga NO 1011"]
[Site "Bayern"]
[Date "2010.10.10"]
[Round "1.5"]
[White "Noeckler, Alexander"]
[Black "Baur, Stephan"]
[Result "0-1"]
[WhiteElo "1873"]
[BlackElo "1875"]
[PlyCount "130"]
[EventDate "2010.10.10"]
[EventType "team-tourn"]
[EventRounds "9"]
[EventCountry "GER"]
[SourceTitle "EXT 2012"]
[Source "ChessBase"]
[SourceDate "2011.11.24"]
[SourceVersion "1"]
[SourceVersionDate "2011.11.24"]
[SourceQuality "1"]
[WhiteTeam "Weiden"]
[BlackTeam "Kelheim II"]
[WhiteTeamCountry "GER"]
[BlackTeamCountry "GER"]

1. c4 Nf6 2. Nc3 g6 3. Nf3 Bg7 4. g3 d6 5. d4 0-0 6. Bg2 c5 7. 0-0 Nc6 8. e3 Bd7 9. h3 Rc8 10. b3 cxd4 11. exd4 d5 12. Nxd5 Nxd5 13. cxd5 Nb4 14. d6 Nc2 15. dxe7 Qxe7 16. Bg5 Qb4 17. Rc1 Nxd4 18. Nxd4 Bxd4 19. Rxc8 Bxc8 20. Re1 Qb6 21. Re2 Bf6 22. Be3 Rd8 23. Qc1 Qb5 24. Rc2 Be6 25. Kh2 b6 26. Bc6 Qh5 27. Bg2 Qd1 28. Qxd1 Rxd1 29. Bc6 Kg7 30. Bf3 Rd7 31. Rc8 Bd4 32. Bxd4+ Rxd4 33. Rc2 Bd5 34. Bxd5 Rxd5 35. Rc7 Ra5 36. a4 b5 37. axb5 Rxb5 38. Rc3 a5 39. Kg2 Kf6 40. Kf3 h5 41. Ke3 Ke5 42. Kd2 g5 43. Re3+ Kd5 44. Rd3+ Ke4 45. f3+ Ke5 46. Kc3 Rc5+ 47. Kb2 h4 48. Re3+ Kf5 49. gxh4 Kf4 50. Re7 f5 51. hxg5 Kxg5 52. Rh7 Kf4 53. h4 Kxf3 54. Ka3 Kg4 55. h5 f4 56. h6 Rh5 57. Rg7+ Kf3 58. h7 Ke3 59. Ka4 f3 60. Rf7 f2 61. h8Q Rxh8 62. Kxa5 Rh5+ 63. Ka4 Rh4+ 64. Ka5 Rf4 65. Re7+ Kf3 0-1

[Event "Landesliga Nord 0506"]
[Site "Bayern"]
[Date "2006.04.02"]
[Round "9.8"]
[White "Baur, Stephan"]
[Black "Voelker, Sebastian"]
[Result "1/2-1/2"]
[WhiteElo "1868"]
[BlackElo "2007"]
[PlyCount "40"]
[EventDate "2005.10.23"]
[EventType "team"]
[EventRounds "9"]
[EventCountry "GER"]
[SourceTitle "EXT 2007"]
[Source "ChessBase"]
[SourceDate "2006.11.23"]
[SourceVersion "1"]
[SourceVersionDate "2006.11.23"]
[SourceQuality "1"]

1. d4 Nf6 2. Nf3 e6 3. c4 b6 4. g3 Bb7 5. Bg2 Be7 6. Nc3 0-0 7. 0-0 Ne4 8. Qc2 Nxc3 9. Qxc3 f5 10. b4 a5 11. b5 Bf6 12. Bb2 d6 13. Rfd1 Qe7 14. Rac1 Nd7 15. Qd2 Be4 16. Ne1 Bxg2 17. Nxg2 Rf7 18. f4 Re8 19. Re1 e5 20. e4 exd4 1/2-1/2